Navy Officer Insignia Quiz Stats

 Plays Quiz not verified by Sporcle

Score 0/16 Timer 05:00
0 Plays Today
% Correct
Admiral
97.6%
Captain
86.1%
Commander
84.2%
Ensign
79.4%
Lieutenant
77%
Lieutenant Commander
76.2%
Lieutenant (junior grade)
73.7%
Rear Admiral
72.1%
% Correct
Fleet Admiral
71.3%
Vice Admiral
65.5%
Chief Warrant Officer Four
53.7%
Chief Warrant Officer Two
53.5%
Chief Warrant Officer Three
53.5%
Chief Warrant Officer Five
52.9%
Admiral of the Navy
38%
Rear Admiral (lower half)
33.1%

You're not logged in!

Compare scores with friends on all Sporcle quizzes.
OR
Log In

Show Comments

Extras

Top Quizzes Today


Score Distribution

Your Account Isn't Verified!

In order to create a playlist on Sporcle, you need to verify the email address you used during registration. Go to your Sporcle Settings to finish the process.

Report this User

Report this user for behavior that violates our Community Guidelines.

Details: